_Statistical process control (6th ed.) (Record no. 5894)
[ view plain ]
| 000 -LEADER | |
|---|---|
| fixed length control field | 00368nam a2200133Ia 4500 |
| 008 - FIXED-LENGTH DATA ELEMENTS--GENERAL INFORMATION | |
| fixed length control field | 151021s9999 xx 000 0 und d |
| 050 ## - LIBRARY OF CONGRESS CALL NUMBER | |
| Classification number | TS156.8.O231986 |
| 245 ## - TITLE STATEMENT | |
| Title | _Statistical process control (6th ed.) |
| 260 ## - PUBLICATION, DISTRIBUTION, ETC. (IMPRINT) | |
| Place of publication, distribution, etc. | USA Butterworth 1986 |
| 300 ## - PHYSICAL DESCRIPTION | |
| Extent | xi,458p.;ill. |
| 500 ## - GENERAL NOTE | |
| General note | includes index |
| 650 ## - SUBJECT ADDED ENTRY--TOPICAL TERM | |
| Topical term or geographic name as entry element | _statistics |
| 980 ## - EQUIVALENCE OR CROSS-REFERENCE-SERIES STATEMENT--PERSONAL NAME/TITLE [LOCAL, CANADA] | |
| Personal name | ^d20110107 10:03:20^okorir |
No items available.